| 000 | 00746ntm a2200169 i 4500 | ||
|---|---|---|---|
| 001 | 189640 | ||
| 003 | ES-MaACL | ||
| 005 | 20240516142000.0 | ||
| 008 | 190708q1740 sp 000 0 spa d | ||
| 245 | 0 | 1 |
_a[Resumen del reconocimiento con que el marqués acompaña las cartas] [ _hManuscrito]. |
| 260 | _c[ca. 1740] | ||
| 300 |
_a[8] h. ; _c21 cm. |
||
| 600 | 1 | 7 |
_aPozoblanco, Francisco Manuel de Velasco y Estrada, _cMarqués de _2 _9167182 |
| 651 | 4 |
_aGuadalquivir (España, Río)- _zNavegación. _9167183 |
|
| 852 | 4 |
_aES-MaACL _jB-8924(30) _z.- Legado de Federico de Botella y de Hornos _z.- Encuadernado en un vol. facticio agrupado con el nombre en el lomo: España, geología, memorias y documentos varios 1 a 8 |
|
| 999 |
_c189640 _d189640 |
||